[Event "SUI-chT"]
[Site "Switzerland"]
[Date "2022.09.03"]
[Round "4.1"]
[White "Ragger, Markus"]
[Black "Moor, Roger"]
[Result "1-0"]
[WhiteElo "2636"]
[BlackElo "2388"]
[PlyCount "59"]
[EventDate "2022.05.01"]
[EventType "team-tourn"]
[EventRounds "9"]
[EventCountry "SUI"]
[SourceTitle "EXT 2023"]
[Source "ChessBase"]
[SourceDate "2022.10.05"]
[SourceVersion "1"]
[SourceVersionDate "2022.10.05"]
[SourceQuality "1"]
[WhiteTeam "Riehen"]
[BlackTeam "Wollishofen"]
[WhiteTeamCountry "SUI"]
[BlackTeamCountry "SUI"]

1. e4 c5 2. Nf3 Nc6 3. Bb5 e6 4. 0-0 Nge7 5. Re1 a6 6. Bf1 Ng6 7. d4 cxd4 8. Nxd4 Qc7 9. c4 Bd6 10. g3 Nxd4 11. Qxd4 0-0 12. Be3 f5 13. f4 e5 14. Qd5+ Kh8 15. c5 Be7 16. exf5 Rxf5 17. Bc4 Qd8 18. Bd3 d6 19. Bxf5 Bxf5 20. cxd6 Qxd6 21. Qxd6 Bxd6 22. fxe5 Nxe5 23. Nd2 Nd3 24. Rf1 Bg6 25. Nc4 Bc7 26. Bb6 Bxb6+ 27. Nxb6 Re8 28. b3 Be4 29. Nc4 Bc6 30. Rad1 1-0

[Event "Bodensee-Cup"]
[Site "Ueberlingen/Nussdorf"]
[Date "2021.10.15"]
[Round "1.2"]
[White "Moor, Roger"]
[Black "Heidenfeld, Mark"]
[Result "1-0"]
[WhiteElo "2389"]
[BlackElo "2372"]
[PlyCount "121"]
[EventDate "2021.10.15"]
[EventType "team-tourn"]
[EventRounds "3"]
[EventCountry "GER"]
[SourceTitle "EXT 2023"]
[Source "ChessBase"]
[SourceDate "2022.10.05"]
[SourceVersion "1"]
[SourceVersionDate "2022.10.05"]
[SourceQuality "1"]
[WhiteTeam "Switzerland"]
[BlackTeam "Wuerttemberg"]
[WhiteTeamCountry "SUI"]
[BlackTeamCountry "GER"]

1. c4 Nf6 2. g3 c6 3. Bg2 d5 4. Nf3 g6 5. b3 Bg7 6. Bb2 0-0 7. 0-0 Bg4 8. h3 Bxf3 9. Bxf3 Re8 10. d4 Ne4 11. Nc3 Ng5 12. Bg2 dxc4 13. h4 Ne6 14. e3 cxb3 15. Qxb3 Qb6 16. Qc2 Na6 17. Rab1 Qa5 18. Rfc1 Rab8 19. Ne4 h6 20. Bc3 Qd8 21. Qa4 Nec7 22. Rd1 Nd5 23. Be1 e5 24. dxe5 Bxe5 25. Bf1 Nac7 26. Qxa7 Bg7 27. Nc3 Qe7 28. Nxd5 Nxd5 29. Rb3 b5 30. Qxe7 Nxe7 31. Bg2 Ra8 32. a3 Red8 33. Rc1 Ra6 34. Bb4 Nd5 35. Rd3 Rda8 36. Bxd5 cxd5 37. Rxd5 Bb2 38. Rc7 Bxa3 39. Bxa3 Rxa3 40. h5 gxh5 41. Rxh5 Rb8 42. Rf5 b4 43. Rfxf7 Raa8 44. Rg7+ Kh8 45. Rh7+ Kg8 46. Rcg7+ Kf8 47. Ra7 Rxa7 48. Rh8+ Ke7 49. Rxb8 Ra1+ 50. Kg2 Rb1 51. Kf3 Kd7 52. Ke4 Kc7 53. Rh8 b3 54. Rh7+ Kc6 55. Rxh6+ Kc7 56. f4 Rc1 57. Rh2 Rc2 58. Rh1 b2 59. Rb1 Rg2 60. g4 Kd6 61. Kd4 1-0

[Event "SUI-chT"]
[Site "Switzerland"]
[Date "2021.10.10"]
[Round "3.1"]
[White "Ragger, Markus"]
[Black "Moor, Roger"]
[Result "1-0"]
[WhiteElo "2685"]
[BlackElo "2393"]
[PlyCount "75"]
[EventDate "2021.08.29"]
[EventType "team-tourn"]
[EventRounds "9"]
[EventCountry "SUI"]
[SourceTitle "EXT 2023"]
[Source "ChessBase"]
[SourceDate "2022.10.05"]
[SourceVersion "1"]
[SourceVersionDate "2022.10.05"]
[SourceQuality "1"]
[WhiteTeam "Riehen"]
[BlackTeam "Wollishofen"]
[WhiteTeamCountry "SUI"]
[BlackTeamCountry "SUI"]

1. e4 c5 2. Nf3 e6 3. d4 cxd4 4. Nxd4 Nc6 5. g3 Nxd4 6. Qxd4 Ne7 7. Bg2 Nc6 8. Qd1 Be7 9. 0-0 0-0 10. Be3 a6 11. a4 Rb8 12. Qe2 Qc7 13. c4 b6 14. b3 b5 15. axb5 axb5 16. cxb5 Qe5 17. Na3 Bxa3 18. Rxa3 Rxb5 19. Rc1 Qb8 20. Rc3 Re8 21. Bf1 Ra5 22. Rxa5 Nxa5 23. Qd2 Nc6 24. Bc5 Qe5 25. Qe3 f5 26. exf5 Qxf5 27. Bd6 Bb7 28. b4 Ra8 29. b5 Nd8 30. Qf4 Ra1 31. f3 Nf7 32. Qxf5 exf5 33. Bf4 g5 34. Bc1 Ne5 35. Kf2 h6 36. Be2 Kf8 37. Rc7 Bd5 38. Bb2 1-0

[Event "Zuerich Easter op 2nd"]
[Site "Zuerich"]
[Date "2019.04.20"]
[Round "4"]
[White "Shishkin, Vadim"]
[Black "Moor, Roger"]
[Result "1-0"]
[WhiteElo "2442"]
[BlackElo "2395"]
[PlyCount "53"]
[EventDate "2019.04.19"]
[EventType "swiss"]
[EventRounds "7"]
[EventCountry "SUI"]
[SourceTitle "CBM 189 Extra"]
[Source "ChessBase"]
[SourceDate "2019.06.03"]
[SourceVersion "1"]
[SourceVersionDate "2019.06.03"]
[SourceQuality "1"]

1. d4 Nf6 2. c4 g6 3. f3 e6 4. e4 d5 5. e5 Nh5 6. Be3 c5 7. cxd5 exd5 8. Bb5+ Bd7 9. Nc3 Bxb5 10. Nxb5 Qa5+ 11. Nc3 Nc6 12. Nge2 Ng7 13. Qd2 Nf5 14. Nxd5 0-0-0 15. Qxa5 Nxa5 16. Bd2 Rxd5 17. Bxa5 cxd4 18. Rc1+ Kb8 19. Bc7+ Ka8 20. Nf4 Rd7 21. g4 Bh6 22. e6 Rxc7 23. Rxc7 Bxf4 24. Rxf7 Ne3 25. Ke2 Nd5 26. Kd3 Be5 27. Ke4 1-0

[Event "SUI-chT"]
[Site "Switzerland"]
[Date "2018.09.08"]
[Round "6.1"]
[White "Moor, Roger"]
[Black "Godena, Michele"]
[Result "0-1"]
[WhiteElo "2400"]
[BlackElo "2505"]
[PlyCount "72"]
[EventDate "2018.03.25"]
[EventType "team-tourn"]
[EventRounds "9"]
[EventCountry "SUI"]
[SourceTitle "EXT 2019"]
[Source "ChessBase"]
[SourceDate "2018.10.10"]
[SourceVersion "1"]
[SourceVersionDate "2018.10.10"]
[SourceQuality "1"]
[WhiteTeam "Wollishofen"]
[BlackTeam "Mendrisio"]
[WhiteTeamCountry "SUI"]
[BlackTeamCountry "SUI"]

1. c4 e5 2. g3 Nf6 3. Bg2 Bc5 4. Nc3 d6 5. d3 Nc6 6. Nf3 h6 7. 0-0 a6 8. a3 0-0 9. b4 Ba7 10. Bb2 Be6 11. Rc1 Qd7 12. Nd2 Bh3 13. Nd5 Nxd5 14. cxd5 Ne7 15. Qb3 Rac8 16. Rfd1 Ng6 17. d4 exd4 18. Nf3 Bxg2 19. Kxg2 Rfe8 20. Bxd4 Bxd4 21. Nxd4 Re5 22. Qf3 Rce8 23. e3 Rg5 24. Kf1 Ne5 25. Qg2 Ng4 26. e4 Rh5 27. h4 Rhe5 28. Re1 Qa4 29. f4 R5e7 30. Nf5 Qb5+ 31. Kg1 Qb6+ 32. Kh1 Rxe4 33. Rxe4 Rxe4 34. Qf3 h5 35. Qc3 f6 36. Qf3 Kf8 0-1

[Event "SUI-chT"]
[Site "Switzerland"]
[Date "2017.04.23"]
[Round "3.2"]
[White "Kraemer, Martin"]
[Black "Moor, Roger"]
[Result "1-0"]
[WhiteElo "2571"]
[BlackElo "2396"]
[PlyCount "89"]
[EventDate "2017.03.19"]
[EventType "team-swiss"]
[EventRounds "9"]
[EventCountry "SUI"]
[SourceTitle "EXT 2018"]
[Source "ChessBase"]
[SourceDate "2017.10.13"]
[SourceVersion "1"]
[SourceVersionDate "2017.10.13"]
[SourceQuality "1"]
[WhiteTeam "Luzern"]
[BlackTeam "Wollishofen"]
[WhiteTeamCountry "SUI"]
[BlackTeamCountry "SUI"]

1. e4 c5 2. Nf3 Nc6 3. d4 cxd4 4. Nxd4 e6 5. Nc3 Qc7 6. g3 a6 7. Bg2 d6 8. 0-0 Bd7 9. Nb3 Nf6 10. f4 Be7 11. Qe2 h6 12. Be3 Rc8 13. h3 b5 14. Qf2 Qb8 15. Rad1 0-0 16. g4 Nh7 17. e5 d5 18. Nc5 Be8 19. Nxa6 Qa8 20. Nc5 b4 21. Nxd5 exd5 22. Bxd5 Qa5 23. Ne4 Kh8 24. Bb6 Qa6 25. Bc5 Bxc5 26. Nxc5 Qa5 27. Nb7 Qc7 28. Nd6 Rb8 29. Qc5 Qb6 30. Qxb6 Rxb6 31. Nxe8 Rxe8 32. Bxf7 Re7 33. Bb3 Rb8 34. Rd6 Na5 35. Bd5 Rc7 36. Rd1 Rf8 37. Rd4 Rxc2 38. Rxb4 Re2 39. Ra6 Rc8 40. Ra8 Rxa8 41. Bxa8 g5 42. Rb8+ Kg7 43. Bd5 h5 44. Rg8+ Kh6 45. f5 1-0

[Event "SUI-chT"]
[Site "Switzerland"]
[Date "2017.04.09"]
[Round "2.1"]
[White "Moor, Roger"]
[Black "Patuzzo, Fabrizio"]
[Result "1-0"]
[WhiteElo "2396"]
[BlackElo "2358"]
[PlyCount "95"]
[EventDate "2017.03.19"]
[EventType "team-swiss"]
[EventRounds "9"]
[EventCountry "SUI"]
[SourceTitle "EXT 2018"]
[Source "ChessBase"]
[SourceDate "2017.10.13"]
[SourceVersion "1"]
[SourceVersionDate "2017.10.13"]
[SourceQuality "1"]
[WhiteTeam "Wollishofen"]
[BlackTeam "Mendrisio"]
[WhiteTeamCountry "SUI"]
[BlackTeamCountry "SUI"]

1. c4 c6 2. g3 d5 3. Nf3 Nf6 4. Bg2 Bf5 5. 0-0 e6 6. cxd5 cxd5 7. Qb3 Qd7 8. Ne5 Qc7 9. Nc3 Nc6 10. Nxc6 bxc6 11. d3 Rb8 12. Qc2 Bd6 13. e4 Bg6 14. f4 0-0 15. Kh1 Nd7 16. Na4 Rfe8 17. Be3 Rbc8 18. Rac1 Qa5 19. a3 Rc7 20. Nc5 Bxc5 21. Bxc5 Qa6 22. Rfe1 Rcc8 23. Qd2 Qb7 24. Bd6 Qb5 25. Bf1 h6 26. Qb4 a6 27. a4 Qxb4 28. Bxb4 Rb8 29. Ba3 Rec8 30. g4 Rb3 31. f5 Bh7 32. exd5 exd5 33. Rxc6 Rbb8 34. Rxa6 h5 35. Rd6 Nf6 36. g5 Ng4 37. g6 Rc2 38. gxh7+ Kxh7 39. h3 Nf2+ 40. Kg1 g5 41. fxg6+ Kg7 42. gxf7 Kxf7 43. Re7+ Kxe7 44. Rc6+ Kd7 45. Rxc2 Nd1 46. Bc5 h4 47. a5 d4 48. Bxd4 1-0

[Event "SUI-chT"]
[Site "Switzerland"]
[Date "2016.10.08"]
[Round "8.2"]
[White "Georgiadis, Nico"]
[Black "Moor, Roger"]
[Result "0-1"]
[WhiteElo "2483"]
[BlackElo "2396"]
[PlyCount "112"]
[EventDate "2016.03.20"]
[EventType "team-tourn"]
[EventRounds "9"]
[EventCountry "SUI"]
[SourceTitle "EXT 2017"]
[Source "ChessBase"]
[SourceDate "2016.10.25"]
[SourceVersion "1"]
[SourceVersionDate "2016.10.25"]
[SourceQuality "1"]
[WhiteTeam "Winterthur"]
[BlackTeam "Wollishofen"]
[WhiteTeamCountry "SUI"]
[BlackTeamCountry "SUI"]

1. e4 c5 2. Nf3 Nc6 3. Nc3 e6 4. d4 cxd4 5. Nxd4 a6 6. g3 d6 7. Bg2 Bd7 8. 0-0 Be7 9. a4 Nf6 10. Nb3 Na5 11. Nxa5 Qxa5 12. Bf4 Qc7 13. Re1 Rd8 14. a5 Bc6 15. Nd5 exd5 16. exd5 Bd7 17. c4 Bg4 18. Qa4+ Kf8 19. c5 Qxc5 20. Rac1 Bd7 21. Qa2 Qb4 22. Re3 h6 23. Rc4 Qd2 24. Bf3 g5 25. Rxe7 gxf4 26. Re2 Qd3 27. Rxf4 Bg4 28. Re3 Qg6 29. Qa4 h5 30. Qd4 Rh6 31. Kg2 Re8 32. Rxe8+ Kxe8 33. Qb6 Nd7 34. Qxb7 Bxf3+ 35. Kxf3 Qd3+ 36. Kg2 Rf6 37. Rxf6 Nxf6 38. Qc6+ Ke7 39. Qc7+ Nd7 40. Qb7 Qe4+ 41. Kh3 Qc4 42. f4 Kd8 43. b4 Qf1+ 44. Kh4 Qe2 45. Kh3 h4 46. Qa8+ Ke7 47. Qb7 hxg3 48. hxg3 f5 49. Qc6 Qf1+ 50. Kh2 Qf2+ 51. Kh1 Qxg3 52. Qxa6 Qxf4 53. Qb7 Qf1+ 54. Kh2 f4 55. Qc8 Qf2+ 56. Kh1 f3 0-1

[Event "SUI-chT"]
[Site "Switzerland"]
[Date "2012.10.21"]
[Round "9.2"]
[White "Jussupow, Artur"]
[Black "Moor, Roger"]
[Result "1-0"]
[WhiteElo "2601"]
[BlackElo "2389"]
[PlyCount "45"]
[EventDate "2012.03.18"]
[EventType "team-tourn"]
[EventRounds "9"]
[EventCountry "SUI"]
[SourceTitle "EXT 2013"]
[Source "ChessBase"]
[SourceDate "2012.11.22"]
[SourceVersion "1"]
[SourceVersionDate "2012.11.22"]
[SourceQuality "1"]
[WhiteTeam "Winterthur"]
[BlackTeam "Wollishofen"]
[WhiteTeamCountry "SUI"]
[BlackTeamCountry "SUI"]

1. c4 Nf6 2. Nc3 d5 3. cxd5 Nxd5 4. g3 g6 5. Bg2 Nb6 6. d3 Bg7 7. Be3 N8d7 8. Qd2 Nf8 9. Bh6 Bxh6 10. Qxh6 Ne6 11. Nf3 f6 12. d4 Kf7 13. Rd1 Ng7 14. 0-0 Bg4 15. Qf4 Bxf3 16. Qxf3 Rb8 17. Ne4 Re8 18. Nc5 c6 19. Qa3 a6 20. Qb3+ e6 21. e4 Nd7 22. e5 f5 23. Nxb7 1-0

[Event "SUI-chT"]
[Site "Switzerland"]
[Date "2012.10.20"]
[Round "8.2"]
[White "Moor, Roger"]
[Black "Sokolov, Andrei"]
[Result "1/2-1/2"]
[WhiteElo "2389"]
[BlackElo "2553"]
[PlyCount "79"]
[EventDate "2012.03.18"]
[EventType "team-tourn"]
[EventRounds "9"]
[EventCountry "SUI"]
[SourceTitle "EXT 2013"]
[Source "ChessBase"]
[SourceDate "2012.11.22"]
[SourceVersion "1"]
[SourceVersionDate "2012.11.22"]
[SourceQuality "1"]
[WhiteTeam "Wollishofen"]
[BlackTeam "Reichenstein"]
[WhiteTeamCountry "SUI"]
[BlackTeamCountry "SUI"]

1. c4 Nf6 2. g3 e6 3. Bg2 d5 4. Nf3 dxc4 5. Qa4+ Nbd7 6. Qxc4 c5 7. Qb3 Rb8 8. d3 Bd6 9. a4 b6 10. Na3 a6 11. Nc4 Bc7 12. Bd2 0-0 13. 0-0 h6 14. Qc2 Qe7 15. Rfb1 a5 16. e4 Ba6 17. Re1 Ng4 18. Bc3 Bxc4 19. dxc4 Nge5 20. Nh4 g5 21. Nf3 Rbd8 22. Qe2 Nxf3+ 23. Qxf3 Be5 24. Rad1 Bxc3 25. Qxc3 Nb8 26. e5 Rxd1 27. Rxd1 Rd8 28. Rd3 Qc7 29. f4 Rxd3 30. Qxd3 Qd7 31. Qxd7 Nxd7 32. Kf2 gxf4 33. gxf4 f6 34. Bc6 Nf8 35. Be8 Kg7 36. Kf3 fxe5 37. fxe5 Ng6 38. Bxg6 Kxg6 39. Kg4 h5+ 40. Kf4 1/2-1/2

[Event "Bodensee-Cup 18th"]
[Site "Lindau"]
[Date "2012.05.04"]
[Round "1.2"]
[White "Moor, Roger"]
[Black "Strunski, Andreas"]
[Result "1/2-1/2"]
[WhiteElo "2369"]
[BlackElo "2328"]
[PlyCount "79"]
[EventDate "2012.05.04"]
[EventType "team-tourn"]
[EventRounds "3"]
[EventCountry "GER"]
[SourceTitle "EXT 2015"]
[Source "ChessBase"]
[SourceDate "2014.11.20"]
[SourceVersion "1"]
[SourceVersionDate "2014.11.20"]
[SourceQuality "1"]
[WhiteTeam "Switzerland"]
[BlackTeam "Wuerttemberg"]
[WhiteTeamCountry "SUI"]
[BlackTeamCountry "GER"]

1. c4 Nf6 2. g3 c6 3. Nf3 d5 4. Bg2 g6 5. Qa4 Nbd7 6. cxd5 Nb6 7. Qb3 cxd5 8. 0-0 Bg7 9. d4 0-0 10. Bf4 Ne8 11. a4 h6 12. h4 Nd6 13. a5 Nbc4 14. Qb4 b6 15. Bxd6 bxa5 16. Bxe7 axb4 17. Bxd8 Rxd8 18. b3 Nd6 19. e3 a5 20. Rc1 Bf5 21. Nbd2 Rdc8 22. Rxc8+ Nxc8 23. Ne5 Bxe5 24. Bxd5 Bxd4 25. exd4 Ra7 26. Nc4 Ne7 27. Bf3 Rd7 28. Re1 Be6 29. d5 Nxd5 30. Nxa5 Nf6 31. Re3 g5 32. hxg5 hxg5 33. Nc6 g4 34. Be2 Rc7 35. Nxb4 Nd5 36. Nxd5 Rc1+ 37. Kg2 Bxd5+ 38. f3 Rb1 39. Kf2 gxf3 40. Bxf3 1/2-1/2

[Event "SUI-chT"]
[Site "Switzerland"]
[Date "2011.10.22"]
[Round "8.1"]
[White "Schiendorfer, Emanuel"]
[Black "Moor, Roger"]
[Result "1/2-1/2"]
[WhiteElo "2333"]
[BlackElo "2408"]
[PlyCount "216"]
[EventDate "2011.02.27"]
[EventType "team-tourn"]
[EventRounds "9"]
[EventCountry "SUI"]
[SourceTitle "EXT 2012"]
[Source "ChessBase"]
[SourceDate "2011.11.24"]
[SourceVersion "1"]
[SourceVersionDate "2011.11.24"]
[SourceQuality "1"]
[WhiteTeam "Winterthur"]
[BlackTeam "Wollishofen"]
[WhiteTeamCountry "SUI"]
[BlackTeamCountry "SUI"]

1. d4 Nf6 2. c4 g6 3. Nc3 d5 4. cxd5 Nxd5 5. e4 Nxc3 6. bxc3 Bg7 7. Bc4 0-0 8. Ne2 c5 9. 0-0 Nc6 10. Be3 Bg4 11. f3 Bd7 12. Rb1 Rc8 13. Bd3 Na5 14. Qd2 a6 15. d5 b5 16. Bh6 e5 17. Bxg7 Kxg7 18. c4 Qc7 19. Qc3 f6 20. Kh1 Rb8 21. Rfd1 b4 22. Qb2 Nb7 23. Rf1 a5 24. g3 a4 25. Qd2 Rbe8 26. Ng1 f5 27. exf5 Bxf5 28. Bxf5 Rxf5 29. Nh3 h6 30. Qe2 Ref8 31. Rbe1 h5 32. f4 Nd8 33. Kg2 Nf7 34. fxe5 Qxe5 35. Nf4 Qxe2+ 36. Rxe2 Nd8 37. Rd1 R8f7 38. d6 Rd7 39. Rd5 Rf6 40. Re7+ Rf7 41. Nd3 Nb7 42. Rxf7+ Kxf7 43. Ne5+ Ke6 44. Nxd7 Kxd7 45. Kf3 b3 46. axb3 axb3 47. Ke2 Nxd6 48. Rd1 Ke6 49. Kd3 Nf5 50. Kc3 Nd4 51. Ra1 Nf3 52. h3 Ng5 53. Ra6+ Kf5 54. g4+ hxg4 55. hxg4+ Kxg4 56. Rxg6 Kf5 57. Rh6 Ne4+ 58. Kxb3 Ke5 59. Rh5+ Kd6 60. Ka4 Kc6 61. Rh6+ Nd6 62. Kb3 Kc7 63. Rg6 Kd7 64. Rg4 Kc7 65. Ka4 Kb6 66. Rh4 Kc7 67. Ka5 Kc6 68. Ka6 Kc7 69. Ka5 Kc6 70. Ka4 Kc7 71. Kb3 Kc6 72. Kc3 Kc7 73. Kd3 Kb7 74. Rh1 Kc6 75. Rc1 Kd7 76. Ra1 Kc6 77. Ra5 Nc8 78. Ra6+ Nb6 79. Ra1 Nc8 80. Ke3 Nb6 81. Rc1 Kd6 82. Kf4 Ke6 83. Rc2 Nc8 84. Re2+ Kd6 85. Kf5 Nb6 86. Re4 Kc6 87. Rh4 Kd6 88. Rg4 Kc7 89. Ke5 Kc6 90. Rh4 Kc7 91. Ke6 Kc6 92. Ke7 Nc8+ 93. Kd8 Nb6 94. Rg4 Kb7 95. Rf4 Kc6 96. Rh4 Kb7 97. Rh7+ Kc6 98. Rh6+ Kb7 99. Rh4 Kc6 100. Ke7 Nc8+ 101. Ke6 Nb6 102. Rg4 Kc7 103. Rh4 Kc6 104. Ke5 Kc7 105. Rh7+ Kc6 106. Rh6+ Kc7 107. Rg6 Nxc4+ 108. Kd5 Nb6+ 1/2-1/2

[Event "Oslo op"]
[Site "Oslo"]
[Date "2011.10.08"]
[Round "8"]
[White "Moor, Roger"]
[Black "Kvisvik, Brede Alexander"]
[Result "0-1"]
[WhiteElo "2402"]
[BlackElo "2235"]
[PlyCount "86"]
[EventDate "2011.10.02"]
[EventType "swiss"]
[EventRounds "9"]
[EventCountry "NOR"]
[SourceTitle "CBM 144 Extra"]
[Source "ChessBase"]
[SourceDate "2011.10.28"]
[SourceVersion "1"]
[SourceVersionDate "2011.10.28"]
[SourceQuality "1"]

1. c4 c5 2. Nc3 Nc6 3. g3 e5 4. Bg2 g6 5. a3 d6 6. Rb1 a5 7. Nf3 Bg7 8. 0-0 Nge7 9. d3 0-0 10. Bd2 Rb8 11. Qa4 b6 12. Rfc1 h6 13. Ne1 Bd7 14. Qd1 Be6 15. Nd5 b5 16. Nc2 b4 17. axb4 axb4 18. Ra1 Kh7 19. Ra6 Bc8 20. Nxe7 Nxe7 21. Ra7 e4 22. b3 Nc6 23. Ra2 d5 24. cxd5 Qxd5 25. Ne3 Qh5 26. Bxe4 Nd4 27. Be1 Be6 28. Nc4 f5 29. Bg2 f4 30. f3 fxg3 31. hxg3 Rbe8 32. Bf2 Bh3 33. g4 Bxg4 34. fxg4 Qxg4 35. Bxd4 Qxd4+ 36. e3 Rxe3 37. Nxe3 Qxe3+ 38. Kh1 Rf4 39. Be4 Be5 40. Kg2 Rh4 41. Rcc2 Qh3+ 42. Kg1 Bd4+ 43. Rf2 Rg4+ 0-1

[Event "Oslo op"]
[Site "Oslo"]
[Date "2011.10.05"]
[Round "5"]
[White "Arjun, Bharat"]
[Black "Moor, Roger"]
[Result "1/2-1/2"]
[WhiteElo "2156"]
[BlackElo "2402"]
[PlyCount "52"]
[EventDate "2011.10.02"]
[EventType "swiss"]
[EventRounds "9"]
[EventCountry "NOR"]
[SourceTitle "CBM 144 Extra"]
[Source "ChessBase"]
[SourceDate "2011.10.28"]
[SourceVersion "1"]
[SourceVersionDate "2011.10.28"]
[SourceQuality "1"]

1. Nf3 Nf6 2. c4 g6 3. Nc3 d5 4. cxd5 Nxd5 5. Qa4+ Nc6 6. Ne5 Qd6 7. Nxc6 Qxc6 8. Qxc6+ bxc6 9. g3 Bg7 10. Bg2 Be6 11. 0-0 0-0 12. e3 Rab8 13. d4 Nb4 14. Bd2 c5 15. dxc5 Rfd8 16. Rfd1 Nxa2 17. Nxa2 Bxb2 18. Ba5 Rxd1+ 19. Rxd1 Bxa2 20. Bxc7 Rc8 21. Rd8+ Rxd8 22. Bxd8 Kf8 23. Bb7 Ba3 24. c6 Bd5 25. Ba8 Be6 26. Bb7 Bd5 1/2-1/2

[Event "Oslo op"]
[Site "Oslo"]
[Date "2011.10.03"]
[Round "2"]
[White "Moor, Roger"]
[Black "Rozentalis, Eduardas"]
[Result "1/2-1/2"]
[WhiteElo "2402"]
[BlackElo "2575"]
[PlyCount "74"]
[EventDate "2011.10.02"]
[EventType "swiss"]
[EventRounds "9"]
[EventCountry "NOR"]
[SourceTitle "CBM 144 Extra"]
[Source "ChessBase"]
[SourceDate "2011.10.28"]
[SourceVersion "1"]
[SourceVersionDate "2011.10.28"]
[SourceQuality "1"]

1. g3 d5 2. c4 dxc4 3. Nf3 b5 4. a4 b4 5. Bg2 Bb7 6. Qc2 Bd5 7. d3 cxd3 8. Qxd3 Nf6 9. 0-0 Nbd7 10. Bf4 e6 11. Nbd2 Nc5 12. Qc2 b3 13. Qc3 Be7 14. Qa5 c6 15. Bc7 Qc8 16. Be5 Qb7 17. Rfc1 Nce4 18. Nxe4 Nxe4 19. Nd4 Bb4 20. Qc7 Qxc7 21. Bxc7 Rc8 22. Bf4 f5 23. f3 Nf6 24. e4 fxe4 25. fxe4 Nxe4 26. Nxe6 Kf7 27. Nc7 Ba5 28. Nxd5 cxd5 29. Be3 Bb6 30. Rf1+ Kg6 31. Bxb6 axb6 32. Rad1 Nf6 33. Bxd5 Rc2 34. Bxb3 Rxb2 35. Be6 Re8 36. Bf5+ Kh6 37. Rf2 Ree2 1/2-1/2

[Event "SUI-chT"]
[Site "Switzerland"]
[Date "2011.05.08"]
[Round "4.1"]
[White "Riff, Jean Noel"]
[Black "Moor, Roger"]
[Result "1/2-1/2"]
[WhiteElo "2494"]
[BlackElo "2408"]
[PlyCount "47"]
[EventDate "2011.02.27"]
[EventType "team-tourn"]
[EventRounds "9"]
[EventCountry "SUI"]
[SourceTitle "EXT 2012"]
[Source "ChessBase"]
[SourceDate "2011.11.24"]
[SourceVersion "1"]
[SourceVersionDate "2011.11.24"]
[SourceQuality "1"]
[WhiteTeam "Reichenstein"]
[BlackTeam "Wollishofen"]
[WhiteTeamCountry "SUI"]
[BlackTeamCountry "SUI"]

1. e4 c5 2. Nf3 e6 3. d4 cxd4 4. Nxd4 Nc6 5. Nc3 a6 6. Nxc6 bxc6 7. Bd3 d5 8. 0-0 Nf6 9. Re1 Be7 10. a3 Qc7 11. Qe2 0-0 12. Bg5 h6 13. Bd2 d4 14. Na4 e5 15. b4 Bg4 16. f3 Be6 17. Rf1 c5 18. Nxc5 Bxc5 19. bxc5 a5 20. f4 Qxc5 21. f5 Bd7 22. g4 Bb5 23. h4 Nxe4 24. Qxe4 1/2-1/2

[Event "SUI-chT"]
[Site "Switzerland"]
[Date "2010.11.06"]
[Round "8.5"]
[White "Moor, Roger"]
[Black "Kelecevic, Nedeljko"]
[Result "1-0"]
[WhiteElo "2365"]
[BlackElo "2288"]
[PlyCount "73"]
[EventDate "2010.02.14"]
[EventType "team-tourn"]
[EventRounds "9"]
[EventCountry "SUI"]
[SourceTitle "EXT 2011"]
[Source "ChessBase"]
[SourceDate "2010.11.26"]
[SourceVersion "1"]
[SourceVersionDate "2010.11.26"]
[SourceQuality "1"]
[WhiteTeam "Wollishofen"]
[BlackTeam "Winterthur"]
[WhiteTeamCountry "SUI"]
[BlackTeamCountry "SUI"]

1. c4 e6 2. Nf3 Nf6 3. g3 d5 4. Bg2 dxc4 5. Qa4+ c6 6. Qxc4 b5 7. Qb3 Bb7 8. 0-0 Nbd7 9. d4 a6 10. a4 b4 11. Be3 a5 12. Nbd2 c5 13. Nc4 Bd5 14. Nfe5 Rc8 15. Nxd7 Nxd7 16. Rac1 Be7 17. dxc5 Nxc5 18. Bxc5 Rxc5 19. Bxd5 Rxd5 20. e4 Rc5 21. Rfd1 Qb8 22. Qd3 0-0 23. b3 Rfc8 24. Qe2 h6 25. Rd4 Bf6 26. Rd3 Bc3 27. Rcd1 e5 28. Rd5 Bd4 29. Nxa5 Rc2 30. Rd2 Rxd2 31. Qxd2 Rc3 32. Nc4 Rxb3 33. Nxe5 Bb6 34. a5 Bc7 35. Nxf7 Kxf7 36. Rd7+ Kg6 37. Qd1 1-0